[Event "Grenzturnering-A 1415"]
[Site "Denmark"]
[Date "2015.01.26"]
[Round "4"]
[White "Kroger, Dieter"]
[Black "Palm, Eivind"]
[Result "1-0"]
[WhiteElo "1714"]
[BlackElo "1884"]
[PlyCount "141"]
[EventDate "2014.09.23"]
[EventType "tourn"]
[EventRounds "7"]
[EventCountry "DEN"]
[SourceTitle "EXT 2023"]
[Source "ChessBase"]
[SourceDate "2022.10.05"]
[SourceVersion "1"]
[SourceVersionDate "2022.10.05"]
[SourceQuality "1"]

1. f4 d5 2. Nf3 Nf6 3. e3 g6 4. b3 Bg7 5. Bb2 0-0 6. d4 Nbd7 7. Nbd2 c5 8. c3 a6 9. Bd3 b5 10. a3 Bb7 11. b4 c4 12. Bc2 Ne4 13. 0-0 f6 14. Nxe4 dxe4 15. Nd2 f5 16. a4 Qc7 17. Qe2 Nf6 18. Rfc1 Nd5 19. a5 Bf6 20. Kh1 Kf7 21. Rg1 Bc8 22. h3 Bd7 23. Nf1 h5 24. g3 Rh8 25. h4 Bc6 26. Kh2 e6 27. Re1 Bb7 28. Rc1 Qe7 29. Qf2 Rac8 30. Kg2 Nxb4 31. Ba3 Nd3 32. Bxe7 Nxf2 33. Bxf6 Kxf6 34. Kxf2 Bd5 35. Rb1 Rb8 36. Rb4 Rb7 37. Nd2 Rhb8 38. Rgb1 Ke7 39. R1b2 Kd6 40. Nb1 Kc6 41. Na3 Kc7 42. Bd1 Kc6 43. Be2 Kc7 44. Ke1 Kc6 45. Kd1 Kc7 46. Kc1 Kc6 47. Kb1 Kc7 48. Ka2 Kc6 49. Nb1 Kc7 50. Nd2 Kc6 51. Ka3 Kc7 52. Bxc4 Bxc4 53. Nxc4 bxc4 54. Rxb7+ Rxb7 55. Rxb7+ Kxb7 56. Kb4 Kc6 57. Kxc4 Kd6 58. Kb4 Kc6 59. c4 Kd6 60. c5+ Kd5 61. Kc3 Kc6 62. Kc4 Kc7 63. d5 exd5+ 64. Kxd5 Kd7 65. c6+ Ke7 66. Ke5 Kd8 67. Kd6 Kc8 68. c7 Kb7 69. Kd7 Ka7 70. Kc6 g5 71. c8Q 1-0

[Event "Grenzturnering-A 1415"]
[Site "Denmark"]
[Date "2014.12.08"]
[Round "3"]
[White "Light, Bjarne"]
[Black "Kroger, Dieter"]
[Result "1-0"]
[WhiteElo "2208"]
[BlackElo "1714"]
[PlyCount "73"]
[EventDate "2014.09.23"]
[EventType "tourn"]
[EventRounds "7"]
[EventCountry "DEN"]
[SourceTitle "EXT 2023"]
[Source "ChessBase"]
[SourceDate "2022.10.05"]
[SourceVersion "1"]
[SourceVersionDate "2022.10.05"]
[SourceQuality "1"]

1. e4 e6 2. d4 d5 3. Nd2 dxe4 4. Nxe4 Bd7 5. Nf3 Bc6 6. Bd3 Bxe4 7. Bxe4 c6 8. c3 Nf6 9. Bc2 Nbd7 10. Bf4 Be7 11. Qd3 0-0 12. 0-0-0 Re8 13. g4 Nf8 14. Ne5 Nd5 15. Bd2 Qc7 16. Qe2 Bf6 17. f4 a6 18. h4 c5 19. dxc5 Qxc5 20. Nd3 Qc7 21. g5 Be7 22. h5 Bd6 23. Ne5 Rac8 24. Kb1 Bxe5 25. fxe5 b5 26. Bd3 Red8 27. Rdf1 Rd7 28. Rh3 Ne7 29. Bf4 Nd5 30. Bc1 Rcd8 31. Rhf3 Nb6 32. g6 fxg6 33. h6 Re8 34. Qf2 Qd8 35. Rf7 Rxd3 36. Rxg7+ Kh8 37. Qf7 1-0